000 00402nam a2200169Ia 4500
008 131103s9999 xx 000 0 und d
040 _aLoreto College
041 _aEnglish
082 _aREF
_bLCBED/7496
245 4 _aThe modern dictionary
260 _aLondon
_bFunk
_c1941
300 _a822p.
_c 18cm.
504 _aIncludes index
650 _aDictionary
850 _aLCBED/REF
942 _cBK
999 _c34517
_d84996